Statistics for Guess the Lyrics #63

Click here to take the quiz!

General Stats

  • This quiz has been taken 722 times
    (303 since last reset)
  • The average score is 159 of 388

Answer Stats

Lyrics% Correct
I
99%
a
94%
you
91%
You
91%
The
88%
the
88%
me
75%
me,
75%
We
75%
to
74%
when
74%
And
72%
and
72%
no
69%
on
68%
ha,
67%
can
63%
I'm
61%
my
60%
You're
56%
you're
56%
if
53%
of
51%
see
48%
by
47%
can't
47%
man,
46%
man
46%
it's
45%
we're
45%
all
44%
Oh,
43%
time
43%
way
43%
was
41%
tell
40%
know
39%
women
39%
or
36%
I'll
35%
look
35%
just
34%
talk
34%
Feel
33%
now
33%
now,
33%
Well
33%
Well,
33%
day
32%
walk
32%
get
31%
live
31%
yeah
31%
alive,
29%
alive
29%
I've
29%
stayin'
29%
Ah,
28%
been
28%
Got
28%
try
28%
use
28%
Life
27%
other
25%
goin'
24%
right,
24%
Music
23%
woman's
22%
okay
21%
Stayin' Alive - Bee Gees
21%
may
20%
alright,
19%
New
19%
lose
18%
another
17%
around
17%
shoes
17%
everybody
16%
help
16%
mother
16%
Somebody
16%
somebody
16%
Time's
16%
Times'
16%
Whether
16%
whether
16%
brother
15%
loud
15%
since
15%
understand
15%
born
14%
city
14%
dancing
14%
really
14%
York
14%
high
13%
breaking
12%
shaking
12%
kicked
11%
low
10%
warm
10%
effect
9%
nowhere,
8%
heaven
6%
either,
5%
Life's
4%
wings
4%

Score Distribution

Percentile by Number Answered

Percent of People with Each Score

Your Score History

You have not taken this quiz since the last reset